000 00348 a2200157 4500
001 74471
020 _a9788580443141
040 _cAnchieta - Colégio São Paulo
100 _aQuental, Cristina
240 1 0 _aO ciclo do ovo
_lpor
245 1 0 _aO ciclo do ovo
300 _a[24]
362 0 _a2012
650 4 _aLiteratura infantil
942 _cBK
999 _c74471
_d74471